| 000 | 00357nam a22001217a 4500 | ||
|---|---|---|---|
| 082 | _aTHE 200 | ||
| 100 |
_aFARAN AHMED _972818 |
||
| 245 | _aTH-SOF-0775-STRATEGIC PLANNING MODELING FOR NEW ENGINEERING PRODUCTDEVELOPMENT | ||
| 260 |
_aNUST COLLEGE OF EME _bISLAMABAD _c2001 |
||
| 650 | _a MS-EM-4 MSTHESIS | ||
| 700 |
_aDR ATHAR MASOOD _934805 |
||
| 942 | _cCF | ||
| 999 |
_c578798 _d578798 |
||